[Event "DEM U12/U12w 2006"]
[Site "Willingen GER"]
[Date "2006.06.05"]
[Round "4"]
[White "Zier, Oliver"]
[Black "Dünzel, Jonas"]
[Result "1-0"]
[Termination "normal"]
[Board "1"]
[WhiteElo "1823"]
[BlackElo "1881"]
[PlyCount "77"]
[WhiteFideId "24631906"]
[BlackFideId "24631167"]
[EventCountry "GER"]
[EventRounds "11"]
[EventType "swiss"]
[EventDate "2006.06.03"]

1. d4 Nf6 2. c4 g6 3. Nc3 Bg7 4. g3 O-O 5. Bg2 d6 6. Nf3 Nbd7 7. O-O c6 8. e4
Qc7 9. h3 e5 10. Be3 exd4 11. Nxd4 Re8 12. Rc1 Nc5 13. Qc2 Bd7 14. f4 b6 15.
Bf2 Re7 16. b4 Nb7 17. Rfd1 Rae8 18. b5 c5 19. Nc6 Qc8 20. Nxe7+ Rxe7 21. Kh2
Qc7 22. Re1 Nd8 23. g4 Be6 24. Nd5 Bxd5 25. cxd5 Nd7 26. Bg3 f6 27. h4 Nf7 28.
Rcd1 Kf8 29. g5 fxg5 30. hxg5 Ke8 31. Bh3 Kd8 32. Be6 Kc8 33. e5 dxe5 34. fxe5
Bxe5 35. Bxe5 Nfxe5 36. d6 Nf3+ 37. Kh1 Nxe1 38. dxe7 Nxc2 39. e8=Q+ 1-0

[Event "DEM U12/U12w 2006"]
[Site "Willingen GER"]
[Date "2006.06.05"]
[Round "4"]
[White "Sarchisov, Slavik"]
[Black "Hager, Joshua Aarash"]
[Result "0-1"]
[Termination "normal"]
[Board "2"]
[WhiteElo "1695"]
[BlackElo "1872"]
[PlyCount "92"]
[WhiteFideId "24647888"]
[BlackFideId "24642789"]
[EventCountry "GER"]
[EventRounds "11"]
[EventType "swiss"]
[EventDate "2006.06.03"]

1. e4 c5 2. Nf3 d6 3. d4 cxd4 4. Nxd4 Nf6 5. Nc3 g6 6. Bc4 Bg7 7. O-O O-O 8.
Re1 Nc6 9. Nb3 Bd7 10. Bf1 Rc8 11. Nd5 Re8 12. a4 Ne5 13. a5 Nc4 14. c3 Be6 15.
Ra4 Ne5 16. Bg5 Bxd5 17. exd5 h6 18. Bh4 Rc7 19. f3 Qc8 20. Bf2 Qb8 21. Rb4 Qa8
22. Bg3 Ned7 23. Bb5 a6 24. Ba4 Qd8 25. Bf2 Qc8 26. Qd3 Nc5 27. Nxc5 dxc5 28.
Rb6 Rd8 29. Bg3 c4 30. Qc2 Rc5 31. Rxe7 Nxd5 32. Rexb7 Nxb6 33. Rxb6 Rcd5 34.
Rb8 Qe6 35. Rxd8+ Rxd8 36. Bf2 Qf5 37. Qxf5 gxf5 38. Be3 Rd5 39. Bc2 Rxa5 40.
Kf2 Ra2 41. Bc1 Bxc3 42. Bb1 Ra1 43. bxc3 Rxb1 44. Bxh6 a5 45. Be3 a4 46. Bc5
Rb3 0-1

[Event "DEM U12/U12w 2006"]
[Site "Willingen GER"]
[Date "2006.06.05"]
[Round "4"]
[White "Kotainy, Jens"]
[Black "Kropman, Alexei"]
[Result "0-1"]
[Termination "normal"]
[Board "3"]
[WhiteElo "1835"]
[BlackElo "1669"]
[PlyCount "142"]
[WhiteFideId "24670499"]
[BlackFideId "24670723"]
[EventCountry "GER"]
[EventRounds "11"]
[EventType "swiss"]
[EventDate "2006.06.03"]

1. e4 e6 2. d4 d5 3. Nc3 Bb4 4. e5 c5 5. Nf3 Qc7 6. Bd2 Nc6 7. Nb5 Bxd2+ 8.
Qxd2 Qd8 9. Nd6+ Ke7 10. Qg5+ Kf8 11. Qxd8+ Nxd8 12. dxc5 Bd7 13. Nd4 Nc6 14.
Nxc6 Bxc6 15. b4 a6 16. a4 Ne7 17. Bd3 Ng6 18. Bxg6 hxg6 19. O-O Rb8 20. b5 Bd7
21. Rfb1 Ke7 22. bxa6 bxa6 23. Rb6 Rxb6 24. cxb6 Rb8 25. a5 f6 26. f4 g5 27. g3
gxf4 28. gxf4 g5 29. c4 gxf4 30. c5 fxe5 31. Kf2 e4 32. Rg1 Kf6 33. Rg4 e5 34.
Rh4 Kg5 35. Rh7 e3+ 36. Ke1 Bg4 37. h3 Bf3 38. c6 d4 39. c7 d3 40. Nc4 d2+ 41.
Nxd2 exd2+ 42. Kxd2 Rc8 43. Re7 Kf6 44. Rd7 Bb7 45. h4 Kg6 46. Re7 e4 47. Ke2
Kf6 48. Rd7 Ke6 49. Rd4 Ke7 50. h5 Kf7 51. h6 Kg6 52. Rd6+ Kh7 53. Rf6 f3+ 54.
Ke3 Re8 55. Rf7+ Kxh6 56. Rf4 Kg5 57. Rf7 Kg4 58. Rg7+ Kf5 59. Rd7 Re6 60. Rf7+
Rf6 61. c8=Q+ Bxc8 62. b7 Bxb7 63. Rxb7 Kg4 64. Rb6 Rf5 65. Rg6+ Kh5 66. Rg1
Kh4 67. Kxe4 f2 68. Rh1+ Kg4 69. Rf1 Rf8 70. Kd4 Kg3 71. Kc5 Rb8 0-1

[Event "DEM U12/U12w 2006"]
[Site "Willingen GER"]
[Date "2006.06.05"]
[Round "4"]
[White "Kaphle, Sebastian"]
[Black "Mirke, Roy"]
[Result "0-1"]
[Termination "normal"]
[Board "4"]
[WhiteElo "2064"]
[BlackElo "1557"]
[PlyCount "54"]
[WhiteFideId "24626708"]
[BlackFideId "24647306"]
[EventCountry "GER"]
[EventRounds "11"]
[EventType "swiss"]
[EventDate "2006.06.03"]

1. e4 c5 2. Nf3 Nc6 3. d4 cxd4 4. Nxd4 e6 5. Nc3 Qc7 6. Be3 a6 7. Be2 b5 8. O-O
Bb7 9. Kh1 Nf6 10. f3 Ne5 11. f4 Nc4 12. Bxc4 Qxc4 13. e5 Nd5 14. Nxd5 Qxd5 15.
Qe2 Be7 16. a3 O-O 17. Rad1 Qe4 18. Qf2 Rac8 19. Rd2 Rfd8 20. Re1 d6 21. Qg3
dxe5 22. fxe5 Bh4 23. Bf2 Bxg3 24. Rxe4 Bxf2 25. Rg4 Bxd4 26. Rgxd4 Rxd4 27.
Rxd4 Bd5 0-1

[Event "DEM U12/U12w 2006"]
[Site "Willingen GER"]
[Date "2006.06.05"]
[Round "4"]
[White "Klek, Hanna Marie"]
[Black "Wang, Zhangxian"]
[Result "1/2-1/2"]
[Termination "normal"]
[Board "5"]
[WhiteElo "1668"]
[BlackElo "1998"]
[PlyCount "64"]
[WhiteFideId "24670057"]
[EventCountry "GER"]
[EventRounds "11"]
[EventType "swiss"]
[EventDate "2006.06.03"]

1. e4 c6 2. d4 d5 3. e5 Bf5 4. Be3 e6 5. Nf3 Nd7 6. Nbd2 Ne7 7. Be2 c5 8. c3
Nc6 9. O-O Qb6 10. Qc1 Rc8 11. Nb3 Qc7 12. Nh4 Bg6 13. f4 Be7 14. Nf3 cxd4 15.
Nbxd4 Nc5 16. Kh1 Be4 17. Nxc6 bxc6 18. Nd4 g6 19. Qd2 Rb8 20. b3 Nd7 21. Rac1
c5 22. Nf3 h5 23. Bd3 Bxd3 24. Qxd3 c4 25. Qc2 Nc5 26. Bxc5 cxb3 27. axb3 Qxc5
28. Nd4 Rc8 29. Qd3 Qb6 30. b4 Rc4 31. Nc2 a6 32. Ne3 Re4 1/2-1/2

[Event "DEM U12/U12w 2006"]
[Site "Willingen GER"]
[Date "2006.06.05"]
[Round "4"]
[White "Wittke, Rene"]
[Black "Friedrich, Wiede"]
[Result "0-1"]
[Termination "normal"]
[Board "7"]
[WhiteElo "1687"]
[BlackElo "1933"]
[PlyCount "84"]
[WhiteFideId "24640255"]
[BlackFideId "24629537"]
[EventCountry "GER"]
[EventRounds "11"]
[EventType "swiss"]
[EventDate "2006.06.03"]

1. e4 c5 2. Nf3 d6 3. d4 cxd4 4. Nxd4 Nf6 5. Nc3 g6 6. Be3 Bg7 7. f3 O-O 8. Qd2
Nc6 9. O-O-O Bd7 10. h4 h5 11. Nxc6 bxc6 12. Bh6 Qa5 13. Bc4 Qb4 14. Bxg7 Kxg7
15. Bb3 Rab8 16. Ne2 Qb6 17. g4 Be6 18. Nd4 Bxb3 19. Nxb3 hxg4 20. h5 Rh8 21.
hxg6 fxg6 22. fxg4 Qb4 23. Qd4 c5 24. Qxb4 Rxb4 25. e5 dxe5 26. Rxh8 Kxh8 27.
g5 Ne4 28. Rd7 c4 29. Na5 Ra4 30. Nc6 Rxa2 31. c3 Nxg5 32. Nxe5 Kg7 33. Nxc4
Kf6 34. Na3 Ne4 35. Rxa7 Ra1+ 36. Kc2 g5 37. Rd7 g4 38. Rd4 Kf5 39. Nc4 g3 40.
Rd8 Re1 41. Rg8 Ng5 42. Nd2 Re2 0-1

[Event "DEM U12/U12w 2006"]
[Site "Willingen GER"]
[Date "2006.06.05"]
[Round "4"]
[White "Bräuer, Franz"]
[Black "Rosenkranz, Christian"]
[Result "1-0"]
[Termination "normal"]
[Board "8"]
[WhiteElo "1878"]
[BlackElo "1495"]
[PlyCount "65"]
[WhiteFideId "24634468"]
[BlackFideId "24674494"]
[EventCountry "GER"]
[EventRounds "11"]
[EventType "swiss"]
[EventDate "2006.06.03"]

1. e4 e5 2. Nf3 Nc6 3. Bb5 f5 4. exf5 e4 5. Qe2 Qe7 6. Bxc6 bxc6 7. Nd4 Nf6 8.
g4 h6 9. Nc3 Bb7 10. Rg1 a6 11. Nb3 d5 12. h3 Nh7 13. d3 exd3 14. Qxe7+ Bxe7
15. cxd3 Ng5 16. Bxg5 Bxg5 17. Kd1 O-O-O 18. Nc5 Bf6 19. Nxb7 Kxb7 20. f3 Rhe8
21. Re1 Rxe1+ 22. Kxe1 Re8+ 23. Kd2 Bg5+ 24. Kc2 Re3 25. Rf1 d4 26. Ne4 Re2+
27. Kb3 Re3 28. Kc4 Re2 29. Rf2 Rxf2 30. Nxf2 Be3 31. Ne4 Kb6 32. Nc5 h5 33.
Ne6 1-0

[Event "DEM U12/U12w 2006"]
[Site "Willingen GER"]
[Date "2006.06.05"]
[Round "4"]
[White "Berchtenbreiter, Maximilian"]
[Black "Bading, Kenneth"]
[Result "1-0"]
[Termination "normal"]
[Board "9"]
[WhiteElo "1999"]
[BlackElo "1553"]
[PlyCount "131"]
[WhiteFideId "24641120"]
[EventCountry "GER"]
[EventRounds "11"]
[EventType "swiss"]
[EventDate "2006.06.03"]

1. e4 e5 2. Nf3 Nc6 3. Bc4 Bc5 4. c3 Nf6 5. d4 exd4 6. e5 d5 7. Bb5 Ne4 8. cxd4
Bb4+ 9. Nbd2 Bd7 10. Bd3 Nxd2 11. Bxd2 Bxd2+ 12. Qxd2 Ne7 13. O-O Ng6 14. Rfe1
O-O 15. Ng5 Qe7 16. f4 h6 17. Nf3 Nh4 18. Nxh4 Qxh4 19. Qf2 Qxf2+ 20. Kxf2 g6
21. Rac1 c6 22. b4 Rac8 23. a4 a6 24. Kf3 h5 25. Kg3 Kg7 26. Rc5 Be6 27. Rec1
Rfe8 28. Bb1 Red8 29. Ba2 Bd7 30. b5 axb5 31. axb5 Ra8 32. bxc6 Rxa2 33. cxd7
Rxd7 34. Rc7 Rxc7 35. Rxc7 Rd2 36. e6 Rxd4 37. Rxb7 Re4 38. Rxf7+ Kg8 39. f5 d4
40. Kf3 gxf5 41. Rxf5 Rxe6 42. Rxh5 Rd6 43. Ke2 Kg7 44. Kd3 Kg6 45. Rh4 Kf5 46.
g3 Rd8 47. Rxd4 Rh8 48. Rf4+ Ke5 49. h4 Rg8 50. Rf3 Rg4 51. Ke3 Ra4 52. Rf4
Ra3+ 53. Kf2 Ra2+ 54. Kg1 Rb2 55. Rf2 Rb8 56. Kh2 Rg8 57. Kh3 Ra8 58. h5 Ra4
59. g4 Ra1 60. Kh4 Ra4 61. Kg5 Ke6 62. h6 Ra8 63. h7 Rh8 64. Kg6 Ra8 65. Rf6+
Ke5 66. Kg7 1-0

[Event "DEM U12/U12w 2006"]
[Site "Willingen GER"]
[Date "2006.06.05"]
[Round "4"]
[White "Zimmermann, Gordon"]
[Black "Schindlbeck, Tobias"]
[Result "1-0"]
[Termination "normal"]
[Board "10"]
[WhiteElo "1920"]
[BlackElo "1551"]
[PlyCount "107"]
[WhiteFideId "24624330"]
[BlackFideId "24615510"]
[EventCountry "GER"]
[EventRounds "11"]
[EventType "swiss"]
[EventDate "2006.06.03"]

1. e4 c5 2. Nf3 d6 3. d4 cxd4 4. Nxd4 Nf6 5. Nc3 g6 6. Be3 Bg7 7. f3 Nc6 8. Qd2
O-O 9. Bc4 Bd7 10. h4 Rc8 11. Bb3 Ne5 12. O-O-O Nc4 13. Bxc4 Rxc4 14. g4 a6 15.
h5 b5 16. Nb3 Qc7 17. Kb1 Rc8 18. Rh2 Bxg4 19. fxg4 Nxg4 20. Nd5 Qd8 21. Rg2
Rxe4 22. hxg6 fxg6 23. Bg5 h5 24. Nb6 Qxb6 25. Qd5+ Kh7 26. Qxe4 Nf2 27. Be3
Nxe4 28. Bxb6 Be5 29. Bd4 Bxd4 30. Nxd4 Rf8 31. c3 g5 32. Ne6 Rf5 33. Re2 Ng3
34. Nd4 Rf7 35. Rg2 h4 36. Ne2 Nxe2 37. Rxe2 Kh6 38. Kc2 g4 39. Rd3 Kg5 40. Kd2
h3 41. Ke1 Rh7 42. Rh2 e5 43. Kf2 Kh4 44. Kg1 g3 45. Re2 Rf7 46. Rxd6 h2+ 47.
Kg2 Kg4 48. Rg6+ Kf4 49. Re1 Rd7 50. Rf1+ Ke4 51. Rg4+ Ke3 52. Rxg3+ Kd2 53.
Rf2+ Kc1 54. Kxh2 1-0

[Event "DEM U12/U12w 2006"]
[Site "Willingen GER"]
[Date "2006.06.05"]
[Round "4"]
[White "Braun, Georg"]
[Black "Davydov, Ruven"]
[Result "1/2-1/2"]
[Termination "normal"]
[Board "11"]
[WhiteElo "1774"]
[BlackElo "1532"]
[PlyCount "43"]
[WhiteFideId "24629383"]
[BlackFideId "24666068"]
[EventCountry "GER"]
[EventRounds "11"]
[EventType "swiss"]
[EventDate "2006.06.03"]

1. e4 d5 2. exd5 Qxd5 3. Nc3 Qd8 4. d4 g6 5. Nf3 Bg7 6. Bc4 Nh6 7. Bf4 Nf5 8.
Be5 O-O 9. Bxg7 Kxg7 10. O-O Nd6 11. Bb3 Bf5 12. Re1 Nd7 13. Qe2 Re8 14. Ne5
Nf6 15. f3 c6 16. Rad1 Qc7 17. d5 cxd5 18. Nxd5 Nxd5 19. Rxd5 Be6 20. Rdd1 Bxb3
21. cxb3 Rac8 22. Qf2 1/2-1/2

[Event "DEM U12/U12w 2006"]
[Site "Willingen GER"]
[Date "2006.06.05"]
[Round "4"]
[White "Wendling, Florian"]
[Black "Marquardt, Patrick"]
[Result "1-0"]
[Termination "normal"]
[Board "13"]
[WhiteElo "1628"]
[BlackElo "1505"]
[PlyCount "95"]
[WhiteFideId "24640212"]
[BlackFideId "4670086"]
[EventCountry "GER"]
[EventRounds "11"]
[EventType "swiss"]
[EventDate "2006.06.03"]

1. e4 c5 2. Nf3 Nc6 3. d4 cxd4 4. Nxd4 g6 5. c4 Nf6 6. Nc3 d6 7. Be2 Nxd4 8.
Qxd4 Bg7 9. Qd3 O-O 10. Be3 Qa5 11. O-O Be6 12. Rac1 Rac8 13. b3 a6 14. f4 Rfd8
15. f5 Bd7 16. Bd4 Re8 17. Kh1 Rb8 18. g4 Bc6 19. g5 Nd7 20. Nd5 Bxd5 21. cxd5
Bxd4 22. Qxd4 Qxa2 23. Bc4 Nc5 24. b4 Nb3 25. Qe3 Qd2 26. Qxb3 Qxg5 27. Rc2
Rbc8 28. Rg2 Qh4 29. Qd3 Rc7 30. fxg6 hxg6 31. Qf3 Qh7 32. Bd3 Rec8 33. Qg4 Rc3
34. h4 Rxd3 35. Qxc8+ Kg7 36. Qg4 Rb3 37. Rgf2 f6 38. Rg1 Rxb4 39. h5 g5 40.
Rh2 Rxe4 41. Qf3 Rd4 42. Re1 Kg8 43. Qc3 Rd3 44. Qc8+ Kf7 45. Qxb7 Kf8 46. Qxa6
Rg3 47. Qc8+ Kf7 48. Rxe7+ 1-0

[Event "DEM U12/U12w 2006"]
[Site "Willingen GER"]
[Date "2006.06.05"]
[Round "4"]
[White "Hampel, Felix"]
[Black "Müller, Tobias"]
[Result "1-0"]
[Termination "normal"]
[Board "14"]
[WhiteElo "1549"]
[BlackElo "1620"]
[PlyCount "63"]
[WhiteFideId "24668125"]
[BlackFideId "24643394"]
[EventCountry "GER"]
[EventRounds "11"]
[EventType "swiss"]
[EventDate "2006.06.03"]

1. e4 c5 2. Nf3 d6 3. d4 cxd4 4. Nxd4 Nf6 5. Nc3 g6 6. Be3 Bg7 7. f3 O-O 8. Qd2
Nc6 9. O-O-O d5 10. exd5 Nxd5 11. Nxc6 bxc6 12. Bd4 e5 13. Bc5 Be6 14. Ne4 Re8
15. h4 Qc7 16. h5 Red8 17. Qf2 Qb7 18. hxg6 hxg6 19. Qh4 f5 20. Ng5 Bf6 21. Qh6
Bxg5+ 22. Qxg5 Qg7 23. Rh6 Kf7 24. Ba6 Rd7 25. Rdh1 Nf6 26. Bb4 Re8 27. Bc3 Bd5
28. f4 Ne4 29. Qh4 Ke6 30. Bxe5 Qg8 31. Rh8 Qf7 32. c4 1-0

[Event "DEM U12/U12w 2006"]
[Site "Willingen GER"]
[Date "2006.06.05"]
[Round "4"]
[White "Pfeiffer, Daniel"]
[Black "Orhan, Eda"]
[Result "1-0"]
[Termination "normal"]
[Board "15"]
[WhiteElo "1606"]
[BlackElo "1391"]
[PlyCount "93"]
[WhiteFideId "24641960"]
[BlackFideId "24659258"]
[EventCountry "GER"]
[EventRounds "11"]
[EventType "swiss"]
[EventDate "2006.06.03"]

1. e4 d5 2. exd5 Qxd5 3. Nc3 Qa5 4. d4 c6 5. Bc4 Bf5 6. Bd2 Qc7 7. Nf3 e6 8.
Qe2 Be7 9. O-O-O b5 10. Bb3 a5 11. a3 b4 12. axb4 axb4 13. Na2 Qb6 14. Kb1 Nd7
15. Ne5 Nxe5 16. dxe5 Bc5 17. g4 Bg6 18. f4 Ne7 19. Rhf1 O-O-O 20. Rc1 Rd7 21.
Qe1 Nd5 22. Bxd5 b3 23. Bxb3 Qxb3 24. f5 Qd5 25. fxg6 Qxd2 26. Qxd2 Rxd2 27.
Rxf7 hxg6 28. Rxg7 Rdxh2 29. Rxg6 Kd7 30. Rd1+ Ke7 31. Rg7+ Ke8 32. Nc3 Rh1 33.
Rgd7 Rxd1+ 34. Rxd1 Rg8 35. Ne4 Be7 36. Rg1 Bg5 37. Nf6+ Bxf6 38. exf6 Kf7 39.
g5 e5 40. Kc1 Rd8 41. Rd1 Re8 42. Rd7+ Ke6 43. Rc7 Kd6 44. Ra7 e4 45. f7 Rf8
46. g6 Ke6 47. g7 1-0

[Event "DEM U12/U12w 2006"]
[Site "Willingen GER"]
[Date "2006.06.05"]
[Round "4"]
[White "Mons, Leon"]
[Black "Sancar, Alina"]
[Result "0-1"]
[Termination "normal"]
[Board "16"]
[WhiteElo "1588"]
[BlackElo "1330"]
[PlyCount "38"]
[WhiteFideId "4614950"]
[BlackFideId "4624750"]
[EventCountry "GER"]
[EventRounds "11"]
[EventType "swiss"]
[EventDate "2006.06.03"]

1. e4 d5 2. exd5 Qxd5 3. Nc3 Qd6 4. Bc4 Nf6 5. d3 a6 6. Nge2 b5 7. Bb3 Bb7 8.
d4 Bxg2 9. Bf4 Qb6 10. Rg1 Bf3 11. Qd3 Bb7 12. Qg3 Kd8 13. Bxf7 e6 14. Qh4 Nbd7
15. O-O-O b4 16. Na4 Qb5 17. b3 Qxe2 18. Rge1 Qb5 19. Rxe6 Kc8 0-1

[Event "DEM U12/U12w 2006"]
[Site "Willingen GER"]
[Date "2006.06.05"]
[Round "4"]
[White "Petkidis, Anthony"]
[Black "Schareck, Martin"]
[Result "1-0"]
[Termination "normal"]
[Board "17"]
[WhiteElo "1585"]
[BlackElo "1294"]
[PlyCount "35"]
[EventCountry "GER"]
[EventRounds "11"]
[EventType "swiss"]
[EventDate "2006.06.03"]

1. e4 c5 2. Nf3 d6 3. d4 cxd4 4. Nxd4 Nf6 5. Nc3 a6 6. Be3 b5 7. f3 e6 8. Qd2
Be7 9. O-O-O O-O 10. g4 Bb7 11. h4 h5 12. g5 Nfd7 13. g6 e5 14. gxf7+ Rxf7 15.
Ne6 Qa5 16. Kb1 Nc6 17. Rg1 Rf6 18. Nxg7 1-0

[Event "DEM U12/U12w 2006"]
[Site "Willingen GER"]
[Date "2006.06.05"]
[Round "4"]
[White "Lindner, Sebastian"]
[Black "Schulz, Anja"]
[Result "1/2-1/2"]
[Termination "normal"]
[Board "18"]
[WhiteElo "1496"]
[BlackElo "1585"]
[PlyCount "50"]
[WhiteFideId "4670221"]
[BlackFideId "24647845"]
[EventCountry "GER"]
[EventRounds "11"]
[EventType "swiss"]
[EventDate "2006.06.03"]

1. d4 Nf6 2. c4 c5 3. Nf3 g6 4. Nc3 Bg7 5. Bg5 O-O 6. e4 h6 7. Bh4 d6 8. d5
Nbd7 9. Bd3 Ng4 10. Qc2 Nge5 11. Nxe5 Nxe5 12. f4 Nxd3+ 13. Qxd3 f5 14. O-O Rf7
15. Rae1 Qf8 16. e5 g5 17. fxg5 hxg5 18. e6 gxh4 19. exf7+ Qxf7 20. b3 Bd7 21.
Ne2 Kh8 22. Nf4 Be5 23. Kh1 Rg8 24. Re2 Rg4 25. Qd2 Qf6 1/2-1/2

[Event "DEM U12/U12w 2006"]
[Site "Willingen GER"]
[Date "2006.06.05"]
[Round "4"]
[White "Volz, Daniel"]
[Black "Pauly, Carlo"]
[Result "0-1"]
[Termination "normal"]
[Board "19"]
[WhiteElo "1455"]
[BlackElo "1577"]
[PlyCount "116"]
[WhiteFideId "4661125"]
[BlackFideId "24673269"]
[EventCountry "GER"]
[EventRounds "11"]
[EventType "swiss"]
[EventDate "2006.06.03"]

1. e4 c5 2. Nf3 d6 3. d4 cxd4 4. Nxd4 Nf6 5. Nc3 Nc6 6. Be3 Ng4 7. Bg5 Qb6 8.
Bb5 e5 9. Nd5 Qxd4 10. Qxd4 exd4 11. Nc7+ Kd7 12. Nxa8 b6 13. Bxc6+ Kxc6 14.
Bd8 Bb7 15. h3 Ne5 16. Nxb6 axb6 17. Bh4 Kc5 18. O-O-O Bxe4 19. f3 Nxf3 20.
gxf3 Bxf3 21. Rhf1 Bxd1 22. Rxd1 d5 23. Bf2 f6 24. Rxd4 Kc6 25. Rd3 Bc5 26. Rc3
Kd6 27. Bxc5+ bxc5 28. Re3 d4 29. Re2 Kd7 30. Kd2 Re8 31. Rxe8 Kxe8 32. a4 Kd7
33. Ke2 Kd6 34. b3 f5 35. Kf3 g5 36. Kf2 h5 37. Kf3 g4+ 38. Kg3 Kd5 39. h4 c4
40. Kf2 cxb3 41. cxb3 d3 42. a5 Kc5 43. b4+ Kb5 44. Ke3 g3 45. Kxd3 g2 46. Ke3
g1=Q+ 47. Kf4 Kxb4 48. Kxf5 Kxa5 49. Kf6 Qe3 50. Kg6 Qe5 51. Kh6 Qf5 52. Kg7
Kb6 53. Kh8 Kc6 54. Kg8 Kd7 55. Kh8 Ke7 56. Kg8 Qg4+ 57. Kh7 Kf7 58. Kh6 Qg6#
0-1

[Event "DEM U12/U12w 2006"]
[Site "Willingen GER"]
[Date "2006.06.05"]
[Round "4"]
[White "Babayev, Ramil"]
[Black "Dauer, Maximilian"]
[Result "1/2-1/2"]
[Termination "normal"]
[Board "20"]
[WhiteElo "1553"]
[BlackElo "1260"]
[PlyCount "58"]
[WhiteFideId "24664243"]
[EventCountry "GER"]
[EventRounds "11"]
[EventType "swiss"]
[EventDate "2006.06.03"]

1. e4 e6 2. d4 d5 3. e5 c5 4. c3 Nc6 5. Nf3 Qb6 6. a3 c4 7. Be2 f6 8. exf6 Nxf6
9. Nbd2 Bd6 10. O-O O-O 11. Qc2 e5 12. dxe5 Nxe5 13. Nxe5 Bxe5 14. Nf3 Bd6 15.
Be3 Qc7 16. Qd1 Be6 17. h3 Qd7 18. Ng5 h6 19. Nxe6 Qxe6 20. Bf3 Qe5 21. g3 Qe6
22. Bg2 Ne4 23. Qe1 Rae8 24. Rd1 b6 25. Bd4 Kh8 26. Qe3 Kh7 27. Rde1 Rf7 28.
Qc1 Qd7 29. Qc2 Kg8 1/2-1/2

[Event "DEM U12/U12w 2006"]
[Site "Willingen GER"]
[Date "2006.06.05"]
[Round "4"]
[White "Zimmerer, Leah"]
[Black "Titgemeyer, Sven"]
[Result "0-1"]
[Termination "normal"]
[Board "21"]
[WhiteElo "1291"]
[BlackElo "1557"]
[PlyCount "60"]
[WhiteFideId "4620240"]
[BlackFideId "24676934"]
[EventCountry "GER"]
[EventRounds "11"]
[EventType "swiss"]
[EventDate "2006.06.03"]

1. e4 e5 2. Nf3 Nc6 3. d4 exd4 4. Nxd4 Bc5 5. Be3 Qf6 6. c3 Nge7 7. Bc4 b6 8.
b4 Nxd4 9. Bxd4 Bxd4 10. Qxd4 Qg6 11. O-O Bb7 12. Re1 O-O-O 13. Bf1 d5 14. e5
Nf5 15. Qd3 d4 16. Qh3 Qe6 17. a4 dxc3 18. Qxc3 Qg6 19. Rc1 Rd7 20. Na3 a6 21.
b5 a5 22. Nc4 Re8 23. g3 Kb8 24. Bg2 Bxg2 25. Kxg2 Red8 26. Ne3 Nxe3+ 27. Qxe3
Rd3 28. Qe2 Qe6 29. Rc6 Qd5+ 30. Kf1 Qh1# 0-1

[Event "DEM U12/U12w 2006"]
[Site "Willingen GER"]
[Date "2006.06.05"]
[Round "4"]
[White "Rieping, Heiner"]
[Black "Kügel, Tobias"]
[Result "1/2-1/2"]
[Termination "normal"]
[Board "22"]
[WhiteElo "1591"]
[BlackElo "1408"]
[PlyCount "87"]
[WhiteFideId "24647012"]
[BlackFideId "4636295"]
[EventCountry "GER"]
[EventRounds "11"]
[EventType "swiss"]
[EventDate "2006.06.03"]

1. e4 e5 2. Bc4 Nf6 3. d3 h6 4. Nc3 Bc5 5. f4 Bxg1 6. Rxg1 d6 7. Bd2 Nc6 8. Bb5
Bd7 9. Bxc6 Bxc6 10. Qe2 Qd7 11. O-O-O exf4 12. Bxf4 O-O-O 13. d4 d5 14. e5
Rhe8 15. Qf3 Ng8 16. Rgf1 f6 17. Rde1 Re6 18. Ne2 Bb5 19. Rf2 Bxe2 20. Rexe2
Qa4 21. Qg4 Qd7 22. exf6 Rxe2 23. Qxd7+ Kxd7 24. Rxe2 Nxf6 25. Kd2 Ne4+ 26. Kd3
Rf8 27. Be5 Rf7 28. c4 c6 29. cxd5 cxd5 30. Rc2 Ke6 31. Rc8 g6 32. Re8+ Re7 33.
Rg8 g5 34. Rg6+ Kf5 35. Rxh6 Nf2+ 36. Kd2 Ng4 37. Rh8 Nxe5 38. dxe5 Kxe5 39.
Ke3 Kd6+ 40. Kd3 Rf7 41. Ke3 Re7+ 42. Kd3 Rf7 43. Ke3 Re7+ 44. Kd3 1/2-1/2

[Event "DEM U12/U12w 2006"]
[Site "Willingen GER"]
[Date "2006.06.05"]
[Round "4"]
[White "Lebek, Ricarda"]
[Black "Quaschner, Manuel"]
[Result "1/2-1/2"]
[Termination "normal"]
[Board "23"]
[WhiteElo "1577"]
[BlackElo "1394"]
[PlyCount "81"]
[WhiteFideId "4624688"]
[BlackFideId "24690139"]
[EventCountry "GER"]
[EventRounds "11"]
[EventType "swiss"]
[EventDate "2006.06.03"]

1. e4 c5 2. Nf3 Nc6 3. Nc3 g6 4. d4 cxd4 5. Nxd4 Bg7 6. Be3 Nf6 7. Bc4 O-O 8.
Bb3 d6 9. f3 Bd7 10. Qd2 Nxd4 11. Bxd4 b5 12. g4 a5 13. g5 Nh5 14. Bxg7 Nxg7
15. O-O-O Bc6 16. h4 Nh5 17. Ne2 Qc7 18. Nf4 Nxf4 19. Qxf4 a4 20. Bd5 Bxd5 21.
exd5 f6 22. Qh2 fxg5 23. hxg5 Rf7 24. f4 Qd7 25. Rd3 Qf5 26. Rh3 Qxf4+ 27. Qxf4
Rxf4 28. Rxh7 Raf8 29. Rxe7 Rf1+ 30. Rxf1 Rxf1+ 31. Kd2 Rf5 32. Kc3 Rxd5 33.
Re6 Kf7 34. Rf6+ Kg7 35. Kb4 Rxg5 36. Rxd6 Rf5 37. b3 axb3 38. axb3 g5 39. c4
bxc4 40. bxc4 g4 41. Rd1 1/2-1/2

[Event "DEM U12/U12w 2006"]
[Site "Willingen GER"]
[Date "2006.06.05"]
[Round "4"]
[White "Kreiter, Thomas"]
[Black "Maier, Florian"]
[Result "1/2-1/2"]
[Termination "normal"]
[Board "24"]
[WhiteElo "1561"]
[BlackElo "1404"]
[PlyCount "83"]
[WhiteFideId "24645591"]
[EventCountry "GER"]
[EventRounds "11"]
[EventType "swiss"]
[EventDate "2006.06.03"]

1. e4 c6 2. d4 d5 3. Nc3 dxe4 4. Nxe4 Bf5 5. Ng3 Bg6 6. Nf3 Nd7 7. h4 h6 8. h5
Bh7 9. Bd3 Bxd3 10. Qxd3 Ngf6 11. Bf4 Nd5 12. Bd2 Qb6 13. O-O-O e6 14. Rde1
O-O-O 15. Ne4 Be7 16. c4 N5f6 17. Be3 Qa5 18. a3 Nxe4 19. Qxe4 Nf6 20. Qc2 Bd6
21. c5 Bb8 22. Nd2 Nd5 23. Nc4 Qc7 24. Nd6+ Rxd6 25. cxd6 Qxd6 26. b4 Bc7 27.
Qc5 Qxc5+ 28. dxc5 Re8 29. Rd1 Be5 30. Rhe1 Bf6 31. Kc2 Bc3 32. Bd2 Bf6 33. f4
Rd8 34. g3 Bd4 35. Re5 Nf6 36. Ree1 Bf2 37. Re5 Bxg3 38. Be3 Rxd1 39. Kxd1 Nd5
40. Ke2 Bxf4 41. Bxf4 Nxf4+ 42. Kf3 1/2-1/2

[Event "DEM U12/U12w 2006"]
[Site "Willingen GER"]
[Date "2006.06.05"]
[Round "4"]
[White "Risius, Philipp"]
[Black "Schmitt, Katrin"]
[Result "1-0"]
[Termination "normal"]
[Board "25"]
[WhiteElo "1557"]
[BlackElo "1380"]
[PlyCount "122"]
[WhiteFideId "24630330"]
[BlackFideId "24654400"]
[EventCountry "GER"]
[EventRounds "11"]
[EventType "swiss"]
[EventDate "2006.06.03"]

1. f4 e5 2. fxe5 d6 3. Nf3 dxe5 4. e4 Bc5 5. Bc4 Nc6 6. d3 Nf6 7. Bg5 h6 8. Bh4
Bg4 9. Nbd2 g5 10. Bg3 Qe7 11. c3 O-O-O 12. Qc2 Na5 13. Bxe5 Nxc4 14. Nxc4 Bxf3
15. gxf3 b5 16. Bxf6 Qxf6 17. Nd2 g4 18. d4 Bb6 19. O-O-O gxf3 20. Rdf1 f2 21.
Nb3 Qf4+ 22. Kb1 Qf3 23. e5 Qg2 24. Qxf2 Qg6+ 25. Qf5+ Kb8 26. Qxg6 fxg6 27.
Rf6 g5 28. Rhf1 h5 29. e6 Rde8 30. d5 Re7 31. Kc2 Rd8 32. Rf8 Rxf8 33. Rxf8+
Kb7 34. Nd4 Bc5 35. Nc6 Rh7 36. Rf7 Rxf7 37. exf7 a6 38. Nd8+ Kc8 39. Ne6 Kd7
40. Nxc5+ Ke7 41. Nxa6 Kxf7 42. Kd3 Ke7 43. Nxc7 Kd6 44. Nxb5+ Kxd5 45. Ke3 Ke5
46. Kf3 Kd5 47. Nd4 Ke5 48. a4 Kd5 49. a5 Kc5 50. b4+ Kd6 51. a6 Kc7 52. b5 Kb6
53. c4 Ka7 54. c5 Kb8 55. b6 g4+ 56. Kg3 h4+ 57. Kxg4 h3 58. c6 Ka8 59. Kxh3
Kb8 60. Kg4 Ka8 61. h4 Kb8 1-0